000 00772cam a22002533a 4500
001 18835
003 PGUSA
005 20140828083412.0
008 060716s2006||||xxu|||||s|||||000 | eng d
040 _aPGUSA
_beng
042 _adc
050 4 _aQ
100 1 _aWhitehead, Alfred North,
_d1861-1947
245 1 4 _aThe Concept of Nature :
_bThe Tarner Lectures Delivered in Trinity College, November 1919
_h[electronic resource] /
_cAlfred North Whitehead
260 _bProject Gutenberg,
_c2006
506 _aPublic domain in the USA.
516 _aElectronic text
653 _aKnowledge, Theory of
653 _aScience -- Philosophy
653 _aNature
830 0 _aProject Gutenberg
_v18835
856 4 0 _uhttp://www.gutenberg.org/ebooks/18835
942 _cEB
999 _c248090
_d248090